[Event "IECC CL1-2009.09 email"]
[Site "IECC email"]
[Date "2010.02.16"]
[Round "?"]
[White "Nemec, Zdenek"]
[Black "Steamboat, Brian"]
[Result "0-1"]
[WhiteElo "2112"]
[BlackElo "2229"]
[PlyCount "68"]
[EventDate "2009.??.??"]
[EventType "tourn (corr)"]
[EventRounds "4"]
[SourceTitle "Telechess CBM 149"]
[Source "ChessBase"]
[SourceDate "2012.07.17"]
[SourceVersion "1"]
[SourceVersionDate "2012.07.17"]
[SourceQuality "1"]
[WhiteTeam "Czech Republic"]
[BlackTeam "England"]
[WhiteTeamCountry "CZE"]
[BlackTeamCountry "ENG"]

1. b4 e5 2. Bb2 Bxb4 3. f4 d6 4. fxe5 dxe5 5. Bxe5 Nf6 6. Nf3 Nc6 7. Bb2 Qe7 8. e3 Qxe3+ 9. Qe2 Qxe2+ 10. Bxe2 Be6 11. Bxf6 gxf6 12. c3 Bf8 13. d4 Ne7 14. Kf2 0-0-0 15. Nbd2 Nd5 16. c4 Nf4 17. Bf1 Bf5 18. Nb3 Ne6 19. Be2 c6 20. Rhd1 Bc2 21. Rd2 Be4 22. c5 Bh6 23. Rb2 f5 24. Rd1 Rhg8 25. g3 Bg7 26. Bc4 Rd7 27. Re2 Bf6 28. a4 h5 29. a5 a6 30. Re3 Kc7 31. h3 Bd5 32. Bxd5 Rxd5 33. Rg1 Nxd4 34. Nbxd4 Rxd4 0-1

[Event "IECC KO-5074"]
[Site "IECC email"]
[Date "2010.02.02"]
[Round "?"]
[White "Steamboat, Brian"]
[Black "Basson, Heinrich"]
[Result "1-0"]
[WhiteElo "2204"]
[BlackElo "1801"]
[PlyCount "29"]
[EventDate "2010.??.??"]
[EventType "match (corr)"]
[EventRounds "2"]
[SourceTitle "Corr 2013"]
[Source "ChessBase"]
[SourceDate "2012.11.12"]
[SourceVersion "1"]
[SourceVersionDate "2012.11.12"]
[SourceQuality "1"]
[WhiteTeam "England"]
[BlackTeam "South Africa"]
[WhiteTeamCountry "ENG"]
[BlackTeamCountry "RSA"]

1. d4 d5 2. c4 c6 3. Nf3 e6 4. Nc3 Nf6 5. e3 Nbd7 6. Qc2 Bd6 7. g4 Nxg4 8. Rg1 h5 9. h3 Qf6 10. Be2 Nh2 11. Ng5 b5 12. cxb5 c5 13. Bd2 Bb7 14. dxc5 Nxc5 15. f4 1-0

[Event "IECC CL2-2009.13 email"]
[Site "IECC email"]
[Date "2009.12.30"]
[Round "?"]
[White "Adams, Mark"]
[Black "Steamboat, Brian"]
[Result "0-1"]
[WhiteElo "2173"]
[BlackElo "2217"]
[PlyCount "102"]
[EventDate "2009.??.??"]
[EventType "tourn (corr)"]
[EventRounds "4"]
[SourceTitle "Telechess CBM 149"]
[Source "ChessBase"]
[SourceDate "2012.07.17"]
[SourceVersion "1"]
[SourceVersionDate "2012.07.17"]
[SourceQuality "1"]
[WhiteTeam "Wales"]
[BlackTeam "England"]
[WhiteTeamCountry "WLS"]
[BlackTeamCountry "ENG"]

1. e4 c5 2. Nf3 d6 3. d4 cxd4 4. Nxd4 Nf6 5. Nc3 a6 6. Qf3 e6 7. Be3 Nbd7 8. Be2 h5 9. Bg5 Qa5 10. Bd2 Qb6 11. Nb3 Qc7 12. a4 b6 13. Bg5 Bb7 14. Rd1 Be7 15. Qe3 Nc5 16. Nd2 Rd8 17. 0-0 0-0 18. b4 Ncd7 19. Bxh5 Rfe8 20. Bf3 Ne5 21. Ndb1 Nxf3+ 22. Qxf3 Qc4 23. b5 Nxe4 24. Bxe7 Rxe7 25. Qe3 Nxc3 26. Nxc3 Rc7 27. Rd3 Qc5 28. Qf4 Rdc8 29. Re1 a5 30. Rg3 Qb4 31. Qg5 Qd4 32. Rd3 Qc5 33. Qxc5 Rxc5 34. Nd1 Rd8 35. c3 Rd5 36. Ree3 Kf8 37. h4 Rh5 38. Rh3 Rc5 39. Nb2 Ke7 40. Rhe3 Rdc8 41. c4 d5 42. cxd5 Rxd5 43. Rc3 Rdc5 44. Ra3 Rc2 45. Nd3 R8c4 46. g3 R2c3 47. Ra1 Be4 48. Ne1 Rxe3 49. fxe3 Kf6 50. Ra3 Kf5 51. Nd3 f6 0-1

[Event "IECC TH-M-2874"]
[Site "IECC email"]
[Date "2009.11.24"]
[Round "?"]
[White "Steamboat, Brian"]
[Black "Djuric, Mirko"]
[Result "1/2-1/2"]
[WhiteElo "2146"]
[BlackElo "2316"]
[PlyCount "44"]
[EventDate "2009.??.??"]
[EventType "match (corr)"]
[EventRounds "2"]
[SourceTitle "Telechess CBM 137"]
[Source "ChessBase"]
[SourceDate "2010.07.15"]
[SourceVersion "1"]
[SourceVersionDate "2010.07.15"]
[SourceQuality "1"]
[WhiteTeam "England"]
[BlackTeam "SCG"]
[WhiteTeamCountry "ENG"]

1. d4 d5 2. c4 e6 3. Nc3 Nf6 4. Nf3 c6 5. Bg5 h6 6. Bh4 dxc4 7. e4 g5 8. Bg3 b5 9. Be2 Bb4 10. Qc2 g4 11. Ne5 Qxd4 12. 0-0 h5 13. Rad1 Qb6 14. Bh4 Nbd7 15. Qd2 Be7 16. Nxd7 Nxd7 17. Bxe7 Kxe7 18. Qg5+ Kf8 19. e5 Qc5 20. Qd8+ Kg7 21. Qg5+ Kf8 22. Qd8+ Kg7 1/2-1/2

[Event "IECC CL1-2009.07 email"]
[Site "IECC email"]
[Date "2009.11.23"]
[Round "?"]
[White "Djuric, Mirko"]
[Black "Steamboat, Brian"]
[Result "0-1"]
[WhiteElo "2362"]
[BlackElo "2192"]
[PlyCount "106"]
[EventDate "2009.??.??"]
[EventType "tourn (corr)"]
[EventRounds "4"]
[SourceTitle "Telechess CBM 149"]
[Source "ChessBase"]
[SourceDate "2012.07.17"]
[SourceVersion "1"]
[SourceVersionDate "2012.07.17"]
[SourceQuality "1"]
[WhiteTeam "SCG"]
[BlackTeam "England"]
[BlackTeamCountry "ENG"]

1. e4 c5 2. Nf3 d6 3. d4 cxd4 4. Nxd4 Nf6 5. Nc3 a6 6. Be3 Ng4 7. Bg5 h6 8. Bh4 g5 9. Bg3 Bg7 10. h3 Ne5 11. Qd2 Nbc6 12. 0-0-0 Nxd4 13. Qxd4 Be6 14. Nd5 Rc8 15. Kb1 Bxd5 16. exd5 0-0 17. Qb4 Qc7 18. Qb3 Nd7 19. h4 Nc5 20. Qb4 b5 21. hxg5 Na4 22. Bd3 Nxb2 23. gxh6 Nxd3 24. Qd2 Bc3 25. Qg5+ Kh8 26. Rxd3 Rg8 27. Qe3 Rg4 28. Bf4 Bf6 29. Rc1 Rxg2 30. Rb3 Qc4 31. Qd2 Rcg8 32. Be3 Rg1 33. Qd3 Rxc1+ 34. Bxc1 Qc5 35. Qd2 Rg1 36. f4 Kh7 37. Rh3 b4 38. Rd3 Rh1 39. Rg3 Qd4 40. Qd3+ Qxd3 41. cxd3 a5 42. Rg4 a4 43. f5 a3 44. Rg2 Rf1 45. Kc2 b3+ 46. Kxb3 Rxc1 47. Kxa3 Rc3+ 48. Kb4 Rxd3 49. a4 Rxd5 50. a5 Rxf5 51. a6 Bd4 52. Ra2 Ba7 53. Kc4 Kxh6 0-1

[Event "IECC KO-4028"]
[Site "IECC email"]
[Date "2009.11.20"]
[Round "?"]
[White "Bascetta, Biagio J"]
[Black "Steamboat, Brian"]
[Result "1-0"]
[WhiteElo "1954"]
[BlackElo "2182"]
[PlyCount "97"]
[EventDate "2009.??.??"]
[EventType "match (corr)"]
[EventRounds "2"]
[SourceTitle "Telechess CBM 137"]
[Source "ChessBase"]
[SourceDate "2010.07.15"]
[SourceVersion "1"]
[SourceVersionDate "2010.07.15"]
[SourceQuality "1"]
[WhiteTeam "Italy"]
[BlackTeam "England"]
[WhiteTeamCountry "ITA"]
[BlackTeamCountry "ENG"]

1. d4 d5 2. c4 c6 3. cxd5 cxd5 4. Nc3 Nf6 5. Nf3 Nc6 6. Bf4 a6 7. Rc1 Bf5 8. Ne5 Rc8 9. f3 g6 10. g4 Be6 11. h4 h6 12. e3 Bg7 13. Nd3 Nd7 14. Bg3 0-0 15. Bg2 Qa5 16. Nf4 Nb6 17. h5 g5 18. Nxe6 fxe6 19. Qe2 Nb4 20. 0-0 Nxa2 21. Nxa2 Qxa2 22. Rxc8 Rxc8 23. Qd3 Nd7 24. Rf2 Qc4 25. Qa3 e5 26. dxe5 Nc5 27. Bf1 Qc1 28. Kg2 b5 29. Qa2 e6 30. b4 Na4 31. e4 Rc6 32. exd5 Nc3 33. Qa5 Nxd5 34. Qd8+ Bf8 35. Bd3 Ne3+ 36. Kh2 Rc7 37. Qf6 Re7 38. Qg6+ Kh8 39. Be2 Nd5 40. f4 Nxf4 41. Qf6+ Kg8 42. Bxf4 gxf4 43. g5 Qe3 44. Rg2 Rf7 45. Qg6+ Bg7 46. gxh6 f3 47. Bxf3 Qxe5+ 48. Qg3 Qxg3+ 49. Rxg3 1-0

[Event "IECC CL2-2009.12 email"]
[Site "IECC email"]
[Date "2009.11.07"]
[Round "?"]
[White "Bascetta, Biagio J"]
[Black "Steamboat, Brian"]
[Result "1/2-1/2"]
[WhiteElo "1968"]
[BlackElo "2120"]
[PlyCount "54"]
[EventDate "2009.??.??"]
[EventType "tourn (corr)"]
[EventRounds "4"]
[SourceTitle "Telechess CBM 137"]
[Source "ChessBase"]
[SourceDate "2010.07.15"]
[SourceVersion "1"]
[SourceVersionDate "2010.07.15"]
[SourceQuality "1"]
[WhiteTeam "Italy"]
[BlackTeam "England"]
[WhiteTeamCountry "ITA"]
[BlackTeamCountry "ENG"]

1. e4 c5 2. Nc3 e6 3. Nf3 a6 4. g3 Nc6 5. Bg2 d6 6. 0-0 Nf6 7. d4 cxd4 8. Nxd4 Bd7 9. Re1 Be7 10. Nxc6 Bxc6 11. a4 0-0 12. Be3 Qc7 13. a5 Nd7 14. Na4 Rae8 15. Nb6 f5 16. Nxd7 Qxd7 17. Qd3 fxe4 18. Bxe4 Bxe4 19. Qxe4 d5 20. Qg4 Qc6 21. c4 Bf6 22. Rac1 Bxb2 23. cxd5 Qxd5 24. Rc5 Qd7 25. Rd1 Qf7 26. Qe4 Bf6 27. Rc4 Rd8 1/2-1/2

[Event "IECC M1-2009.T108"]
[Site "IECC email"]
[Date "2009.11.07"]
[Round "?"]
[White "Le Duigou, Jean Guy"]
[Black "Steamboat, Brian"]
[Result "0-1"]
[WhiteElo "2179"]
[BlackElo "2098"]
[PlyCount "54"]
[EventDate "2009.??.??"]
[EventType "match (corr)"]
[EventRounds "2"]
[SourceTitle "Telechess CBM 137"]
[Source "ChessBase"]
[SourceDate "2010.07.15"]
[SourceVersion "1"]
[SourceVersionDate "2010.07.15"]
[SourceQuality "1"]
[BlackTeam "England"]
[BlackTeamCountry "ENG"]

1. c4 f5 2. Nf3 Nf6 3. g3 g6 4. Bg2 Bg7 5. d4 0-0 6. 0-0 d6 7. Nc3 c6 8. Rb1 Ne4 9. Nxe4 fxe4 10. Ne1 d5 11. Be3 Be6 12. Qd2 Nd7 13. cxd5 cxd5 14. Rc1 Rc8 15. Rxc8 Qxc8 16. b3 Qc7 17. f3 Nf6 18. Bf4 Qb6 19. Be5 Rc8 20. Nc2 a5 21. Rd1 Qc6 22. Ne3 Bh6 23. Bf4 Bxf4 24. gxf4 exf3 25. Bxf3 Qc7 26. Nf1 Kf7 27. Ng3 Bg4 0-1

[Event "IECC CL2-2009.12 email"]
[Site "IECC email"]
[Date "2009.11.07"]
[Round "?"]
[White "Steamboat, Brian"]
[Black "Agulnick, Michael"]
[Result "1-0"]
[WhiteElo "2138"]
[BlackElo "2032"]
[PlyCount "57"]
[EventDate "2009.??.??"]
[EventType "tourn (corr)"]
[EventRounds "4"]
[SourceTitle "Telechess CBM 137"]
[Source "ChessBase"]
[SourceDate "2010.07.15"]
[SourceVersion "1"]
[SourceVersionDate "2010.07.15"]
[SourceQuality "1"]
[WhiteTeam "England"]
[BlackTeam "US of America"]
[WhiteTeamCountry "ENG"]
[BlackTeamCountry "USA"]

1. Nf3 Nf6 2. c4 e6 3. Nc3 b6 4. e4 Bb7 5. Bd3 c5 6. 0-0 Nc6 7. e5 Ng4 8. Be4 f5 9. exf6 Nxf6 10. Bxc6 Bxc6 11. d4 Bxf3 12. Qxf3 cxd4 13. Nb5 Rc8 14. Qd3 a6 15. Nxd4 Qc7 16. b3 Bc5 17. h3 0-0 18. Be3 Nh5 19. Ne2 Bxe3 20. Qxe3 Nf6 21. a4 Qc5 22. Nd4 Nh5 23. Rad1 Nf4 24. Rfe1 b5 25. axb5 axb5 26. Nxb5 Qg5 27. Qg3 Qe7 28. Re4 Qf6 29. Rxd7 1-0

[Event "IECC M1-2009.R06"]
[Site "IECC email"]
[Date "2009.11.02"]
[Round "?"]
[White "Steamboat, Brian"]
[Black "Jordaan, Wayne"]
[Result "1-0"]
[WhiteElo "2189"]
[BlackElo "1755"]
[PlyCount "75"]
[EventDate "2009.??.??"]
[EventType "tourn (corr)"]
[EventRounds "4"]
[SourceTitle "Telechess CBM 149"]
[Source "ChessBase"]
[SourceDate "2012.07.17"]
[SourceVersion "1"]
[SourceVersionDate "2012.07.17"]
[SourceQuality "1"]
[WhiteTeam "England"]
[BlackTeam "South Africa"]
[WhiteTeamCountry "ENG"]
[BlackTeamCountry "RSA"]

1. d4 d5 2. c4 c6 3. Nf3 Nf6 4. Nc3 e6 5. e3 Nbd7 6. Qc2 Bd6 7. g4 dxc4 8. Bxc4 e5 9. Bd2 exd4 10. Nxd4 Nxg4 11. Ne4 Ndf6 12. 0-0-0 0-0 13. Rhg1 Bxh2 14. Rg2 c5 15. Nf3 Nxe4 16. Qxe4 Re8 17. Qc2 Bd6 18. Bc3 g6 19. Rh1 Bf5 20. Rxg4 Bxc2 21. Kxc2 Re6 22. Ng5 Be5 23. Bxe5 Rxe5 24. Nxf7 Qe7 25. Nxe5+ Kg7 26. Rgh4 h5 27. Nxg6 Kxg6 28. Rxh5 Rd8 29. Rh6+ Kf5 30. R1h5+ Ke4 31. Re6+ Qxe6 32. Bxe6 b6 33. Bd5+ Rxd5 34. f3+ Kxe3 35. Rxd5 Kxf3 36. Rd7 Ke4 37. Rxa7 b5 38. Ra5 1-0

[Event "IECC CL2-2009.11 email"]
[Site "IECC email"]
[Date "2009.10.12"]
[Round "?"]
[White "Agulnick, Michael"]
[Black "Steamboat, Brian"]
[Result "0-1"]
[WhiteElo "2054"]
[BlackElo "2059"]
[PlyCount "102"]
[EventDate "2009.??.??"]
[EventType "tourn (corr)"]
[EventRounds "4"]
[SourceTitle "Telechess CBM 137"]
[Source "ChessBase"]
[SourceDate "2010.07.15"]
[SourceVersion "1"]
[SourceVersionDate "2010.07.15"]
[SourceQuality "1"]
[WhiteTeam "US of America"]
[BlackTeam "England"]
[WhiteTeamCountry "USA"]
[BlackTeamCountry "ENG"]

1. e4 c5 2. d4 cxd4 3. c3 dxc3 4. Nxc3 Nc6 5. Nf3 e6 6. Bc4 a6 7. 0-0 Nge7 8. Be3 Ng6 9. Rc1 b5 10. Be2 Bb7 11. Ne1 Be7 12. Nd3 0-0 13. Nc5 Bc8 14. Nb3 Nge5 15. f4 Nc4 16. Bxc4 bxc4 17. Nd2 d5 18. exd5 exd5 19. Qf3 d4 20. Qxc6 Be6 21. Nde4 dxe3 22. f5 Bd7 23. Qxc4 Bb5 24. Nxb5 axb5 25. Qc3 Qb6 26. Rfe1 Rfe8 27. g3 g6 28. fxg6 hxg6 29. Qe5 b4 30. Re2 Rad8 31. Qf4 f5 32. Ng5 Bxg5 33. Qxg5 Kg7 34. Qf4 Re7 35. h3 Rd2 36. Rce1 Re4 37. Qf3 Kf6 38. b3 Qa7 39. Rf1 Ke6 40. Rfe1 Ke5 41. Kf1 Qa6 42. Kg1 Rxe2 43. Rxe2 Qd3 44. Kg2 Kd4 45. Kh2 g5 46. Qf1 Re7 47. Qe1 Ke4 48. Qh1+ Ke5 49. Qa1+ Ke6 50. Qf1 Rd7 51. Qc1 Qxe2+ 0-1

[Event "IECC CL2-2009.11 email"]
[Site "IECC email"]
[Date "2009.10.12"]
[Round "?"]
[White "Sadler, Craig"]
[Black "Steamboat, Brian"]
[Result "1-0"]
[WhiteElo "1894"]
[BlackElo "2163"]
[PlyCount "79"]
[EventDate "2009.??.??"]
[EventType "tourn (corr)"]
[EventRounds "4"]
[SourceTitle "Telechess CBM 137"]
[Source "ChessBase"]
[SourceDate "2010.07.15"]
[SourceVersion "1"]
[SourceVersionDate "2010.07.15"]
[SourceQuality "1"]
[WhiteTeam "Canada"]
[BlackTeam "England"]
[WhiteTeamCountry "CAN"]
[BlackTeamCountry "ENG"]

1. e4 c5 2. Nc3 a6 3. Nf3 b5 4. d4 cxd4 5. Nxd4 Bb7 6. Bd3 e6 7. 0-0 Qb6 8. Nf3 Qc7 9. Re1 Bc5 10. Qd2 Ne7 11. b4 Bd6 12. Bb2 f6 13. a4 0-0 14. Red1 Bxb4 15. Nxb5 axb5 16. Qxb4 Nbc6 17. Qxb5 Rfc8 18. Qh5 e5 19. Bc4+ Kh8 20. Bb5 Ng6 21. Nh4 Nxh4 22. Qxh4 d6 23. Ra3 Na7 24. Rc3 Qe7 25. Rxc8+ Rxc8 26. Bd3 Qf7 27. Ra1 Nc6 28. Bc3 Nd8 29. Bd2 Ne6 30. Be3 Nc5 31. Bxc5 dxc5 32. Bb5 Rd8 33. f3 Bc8 34. Qe1 Be6 35. a5 Qb7 36. Rb1 Rb8 37. c4 Qa7 38. a6 Kg8 39. Rd1 h5 40. Rd6 1-0

[Event "IECC CL2-2009.11 email"]
[Site "IECC email"]
[Date "2009.10.12"]
[Round "?"]
[White "Steamboat, Brian"]
[Black "Simal Moreira, Leonardo"]
[Result "1/2-1/2"]
[WhiteElo "2130"]
[BlackElo "2163"]
[PlyCount "51"]
[EventDate "2009.??.??"]
[EventType "tourn (corr)"]
[EventRounds "4"]
[SourceTitle "Telechess CBM 137"]
[Source "ChessBase"]
[SourceDate "2010.07.15"]
[SourceVersion "1"]
[SourceVersionDate "2010.07.15"]
[SourceQuality "1"]
[WhiteTeam "England"]
[BlackTeam "Brazil"]
[WhiteTeamCountry "ENG"]
[BlackTeamCountry "BRA"]

1. e4 e5 2. Nf3 Nc6 3. Bb5 a6 4. Ba4 Nf6 5. 0-0 Be7 6. Re1 b5 7. Bb3 d6 8. c3 0-0 9. h3 Na5 10. Bc2 c5 11. d4 Qc7 12. Nbd2 cxd4 13. cxd4 Bb7 14. d5 Rac8 15. Bd3 Nd7 16. Nf1 f5 17. Ng3 f4 18. Nf5 Bd8 19. b3 g6 20. Nh6+ Kg7 21. Ng4 h5 22. Ngh2 Qb6 23. Bd2 Nc5 24. Bc2 Nd7 25. Bd3 Nc5 26. Bc2 1/2-1/2

[Event "IECC P-4579"]
[Site "IECC email"]
[Date "2009.09.27"]
[Round "?"]
[White "Steamboat, Brian"]
[Black "Malmstroem, Jan"]
[Result "1-0"]
[WhiteElo "2149"]
[BlackElo "1339"]
[PlyCount "63"]
[EventDate "2009.??.??"]
[EventType "tourn (corr)"]
[EventRounds "1"]
[SourceTitle "Telechess CBM 137"]
[Source "ChessBase"]
[SourceDate "2010.07.15"]
[SourceVersion "1"]
[SourceVersionDate "2010.07.15"]
[SourceQuality "1"]
[WhiteTeam "England"]
[WhiteTeamCountry "ENG"]

1. d4 Nf6 2. c4 g6 3. Nc3 d5 4. cxd5 Nxd5 5. e4 Nxc3 6. bxc3 Bg7 7. Nf3 c5 8. Rb1 0-0 9. Be2 Nc6 10. d5 Ne5 11. Nxe5 Bxe5 12. Qd2 Bg7 13. c4 b6 14. Bb2 Bxb2 15. Qxb2 Qc7 16. 0-0 Qf4 17. e5 f6 18. e6 Bb7 19. Rfe1 Rfd8 20. a4 Ba6 21. g3 Qf5 22. Qc3 Rac8 23. Bf3 Rd6 24. a5 Kg7 25. Kg2 Kh8 26. axb6 axb6 27. h4 Kg8 28. Rbd1 b5 29. Qc1 g5 30. Be4 Qg4 31. h5 bxc4 32. f3 1-0

[Event "IECC CL3-2009.05 email"]
[Site "IECC email"]
[Date "2009.09.25"]
[Round "?"]
[White "Kasznia, Ireneusz"]
[Black "Steamboat, Brian"]
[Result "0-1"]
[WhiteElo "1843"]
[BlackElo "2020"]
[PlyCount "58"]
[EventDate "2009.??.??"]
[EventType "tourn (corr)"]
[EventRounds "4"]
[SourceTitle "Telechess CBM 137"]
[Source "ChessBase"]
[SourceDate "2010.07.15"]
[SourceVersion "1"]
[SourceVersionDate "2010.07.15"]
[SourceQuality "1"]
[WhiteTeam "Poland"]
[BlackTeam "England"]
[WhiteTeamCountry "POL"]
[BlackTeamCountry "ENG"]

1. d4 Nf6 2. c4 g6 3. Nc3 Bg7 4. e4 d6 5. Nf3 0-0 6. Be3 e5 7. dxe5 dxe5 8. Qxd8 Rxd8 9. Nd5 Na6 10. Bg5 Rd6 11. Bxf6 Bxf6 12. Rc1 c6 13. c5 Rxd5 14. exd5 e4 15. Nd2 cxd5 16. Bxa6 bxa6 17. b3 Bd7 18. a4 Bc6 19. Kd1 Rb8 20. Re1 Bd4 21. Ke2 f5 22. h4 Bf6 23. Rh1 Kf7 24. h5 g5 25. Rhe1 Ke6 26. Kd1 g4 27. f3 Bg5 28. Rb1 e3 29. fxg4 fxg4 0-1

[Event "IECC KO-5071"]
[Site "IECC email"]
[Date "2009.09.18"]
[Round "?"]
[White "Steamboat, Brian"]
[Black "Subasic, Emil"]
[Result "0-1"]
[WhiteElo "2033"]
[BlackElo "1565"]
[PlyCount "24"]
[EventDate "2009.??.??"]
[EventType "match (corr)"]
[EventRounds "2"]
[SourceTitle "Corr 2013"]
[Source "ChessBase"]
[SourceDate "2012.11.12"]
[SourceVersion "1"]
[SourceVersionDate "2012.11.12"]
[SourceQuality "1"]
[WhiteTeam "Italy"]
[BlackTeam "Germany"]
[WhiteTeamCountry "ITA"]
[BlackTeamCountry "GER"]

1. e4 e5 2. d4 exd4 3. Qxd4 Nc6 4. Qe3 Nf6 5. Nc3 Bb4 6. Bd2 0-0 7. 0-0-0 Re8 8. Qg3 Rxe4 9. a3 Rg4 10. Qe3 Ba5 11. Be2 Bb6 12. Qh3 d5 0-1

[Event "IECC O-3018"]
[Site "IECC email"]
[Date "2009.09.02"]
[Round "?"]
[White "Bascetta, Biagio J"]
[Black "Steamboat, Brian"]
[Result "0-1"]
[WhiteElo "2021"]
[BlackElo "2003"]
[PlyCount "92"]
[EventDate "2009.??.??"]
[EventType "swiss (corr)"]
[EventRounds "2"]
[SourceTitle "Telechess CBM 137"]
[Source "ChessBase"]
[SourceDate "2010.07.15"]
[SourceVersion "1"]
[SourceVersionDate "2010.07.15"]
[SourceQuality "1"]
[WhiteTeam "Italy"]
[BlackTeam "England"]
[WhiteTeamCountry "ITA"]
[BlackTeamCountry "ENG"]

1. e4 c5 2. Nf3 Nc6 3. Bb5 Nf6 4. Nc3 g6 5. h3 Bg7 6. e5 Ng8 7. Bxc6 dxc6 8. d3 Nh6 9. Be3 Qa5 10. g4 f5 11. exf6 exf6 12. Qd2 Nf7 13. Ne4 Qxd2+ 14. Bxd2 h5 15. gxh5 Rxh5 16. 0-0-0 Rxh3 17. Rxh3 Bxh3 18. Rg1 g5 19. Bc3 b6 20. Re1 Kf8 21. Bxf6 Bxf6 22. Nxf6 Kg7 23. Ne4 g4 24. Nh4 Rf8 25. Nf5+ Kg6 26. Ne7+ Kh6 27. Ng3 Nd8 28. Re2 Bg2 29. Re5 Kg7 30. Nef5+ Kf6 31. Re7 a5 32. Ra7 Ke6 33. Ra6 Nb7 34. Rxb6 Nd6 35. Ng7+ Kf6 36. N7h5+ Kg5 37. Ra6 Rxf2 38. Rxa5 Bd5 39. Rxc5 Kh4 40. Kd1 Rf3 41. Ke2 Nf5 42. c4 Be6 43. b4 Nxg3+ 44. Nxg3 Rxg3 45. Rxc6 Bf5 46. b5 Kg5 0-1

[Event "IECC TH-M-2859"]
[Site "IECC email"]
[Date "2009.07.25"]
[Round "?"]
[White "Weissbein, Tom"]
[Black "Steamboat, Brian"]
[Result "1/2-1/2"]
[WhiteElo "2069"]
[BlackElo "2022"]
[PlyCount "48"]
[EventDate "2009.??.??"]
[EventType "match (corr)"]
[EventRounds "2"]
[SourceTitle "Telechess CBM 137"]
[Source "ChessBase"]
[SourceDate "2010.07.15"]
[SourceVersion "1"]
[SourceVersionDate "2010.07.15"]
[SourceQuality "1"]
[WhiteTeam "Poland"]
[BlackTeam "England"]
[WhiteTeamCountry "POL"]
[BlackTeamCountry "ENG"]

1. e4 e5 2. Nc3 Nf6 3. g3 d5 4. exd5 Nxd5 5. Bg2 Nxc3 6. bxc3 Bd6 7. Nf3 0-0 8. 0-0 Nc6 9. Rb1 Rb8 10. d4 Re8 11. Ng5 Bf5 12. Bd5 Bg6 13. h4 Be7 14. Rb5 a6 15. h5 Bxg5 16. hxg6 hxg6 17. Bxc6 axb5 18. Bxe8 Bxc1 19. Bxf7+ Kxf7 20. Qxc1 Qd5 21. dxe5 Qxe5 22. Re1 Qxc3 23. Re3 Qc5 24. Qd2 Re8 1/2-1/2

[Event "IECC TH-M-2856"]
[Site "IECC email"]
[Date "2009.07.10"]
[Round "?"]
[White "Steamboat, Brian"]
[Black "Dufour, Michael"]
[Result "1-0"]
[WhiteElo "2000"]
[BlackElo "1983"]
[PlyCount "21"]
[EventDate "2009.??.??"]
[EventType "match (corr)"]
[EventRounds "2"]
[SourceTitle "Corr 2013"]
[Source "ChessBase"]
[SourceDate "2012.11.12"]
[SourceVersion "1"]
[SourceVersionDate "2012.11.12"]
[SourceQuality "1"]
[WhiteTeam "Poland"]
[BlackTeam "Argentina"]
[WhiteTeamCountry "POL"]
[BlackTeamCountry "ARG"]

1. e4 c5 2. Nf3 d6 3. d4 cxd4 4. Nxd4 Nf6 5. Nc3 e6 6. f3 a6 7. Be3 b5 8. Qd2 Nbd7 9. g4 Nb6 10. Qf2 Nbd7 11. g5 1-0

[Event "IECC TH-M-2857"]
[Site "IECC email"]
[Date "2009.07.10"]
[Round "?"]
[White "Steamboat, Brian"]
[Black "Dufour, Michael"]
[Result "1/2-1/2"]
[WhiteElo "2045"]
[BlackElo "1981"]
[PlyCount "77"]
[EventDate "2009.??.??"]
[EventType "match (corr)"]
[EventRounds "2"]
[SourceTitle "Telechess CBM 137"]
[Source "ChessBase"]
[SourceDate "2010.07.15"]
[SourceVersion "1"]
[SourceVersionDate "2010.07.15"]
[SourceQuality "1"]
[WhiteTeam "England"]
[BlackTeam "Canada"]
[WhiteTeamCountry "ENG"]
[BlackTeamCountry "CAN"]

1. e4 c5 2. Nf3 d6 3. d4 cxd4 4. Nxd4 Nf6 5. Nc3 g6 6. f3 Bg7 7. Be3 0-0 8. Qd2 Nc6 9. 0-0-0 d5 10. exd5 Nxd5 11. Nxc6 bxc6 12. Bd4 e5 13. Bc5 Be6 14. Ne4 Re8 15. h4 h6 16. g4 Qc7 17. g5 h5 18. Bc4 Red8 19. Qf2 Qb7 20. Rhe1 Nf4 21. Bxe6 Nxe6 22. Bd6 Rd7 23. Nf6+ Bxf6 24. gxf6 Rad8 25. Bxe5 Rxd1+ 26. Rxd1 Rxd1+ 27. Kxd1 Qb5 28. Qe2 Qd5+ 29. Kc1 Qxa2 30. b3 Qa3+ 31. Kb1 Qc5 32. f4 Qd5 33. Qa6 Nd4 34. Qxa7 Nf5 35. Qb8+ Kh7 36. Qf8 Qd7 37. Kb2 Qd5 38. Bc3 Qd7 39. Be5 1/2-1/2

[Event "P-4556"]
[Site "IECC email"]
[Date "2009.06.21"]
[Round "?"]
[White "Steamboat, Brian"]
[Black "Ralls, Richard Nelson"]
[Result "0-1"]
[WhiteElo "2016"]
[BlackElo "2145"]
[PlyCount "98"]
[EventDate "2009.??.??"]
[EventType "tourn (corr)"]
[SourceTitle "Telechess CBM 149"]
[Source "ChessBase"]
[SourceDate "2012.07.17"]
[SourceVersion "1"]
[SourceVersionDate "2012.07.17"]
[SourceQuality "1"]
[WhiteTeam "England"]
[BlackTeam "Czech Republic"]
[WhiteTeamCountry "ENG"]
[BlackTeamCountry "CZE"]

1. e4 e5 2. Nf3 Nc6 3. Bb5 Nf6 4. Qe2 Bc5 5. c3 Qe7 6. 0-0 0-0 7. d3 d6 8. Bg5 h6 9. Bh4 g5 10. Bg3 Nh5 11. Na3 Bxa3 12. bxa3 f5 13. Nd2 Nxg3 14. hxg3 fxe4 15. dxe4 Nd8 16. Bc4+ Ne6 17. Rfd1 Kh8 18. Rab1 Nc5 19. Nb3 Na4 20. Qe3 Bd7 21. f3 Rab8 22. Nc1 b5 23. Be2 Qf7 24. Nb3 a6 25. Rd2 Be6 26. Nc1 Kh7 27. Bd1 Nb6 28. Bb3 g4 29. Rf2 gxf3 30. gxf3 Qg6 31. Ne2 Nc4 32. Bxc4 Bxc4 33. g4 Qg5 34. Qxg5 hxg5 35. Ng3 Kg6 36. Rbb2 Rh8 37. Rh2 d5 38. Rbd2 Rxh2 39. Kxh2 c6 40. Nf5 Kf7 41. Kg3 Rh8 42. a4 Ke6 43. axb5 axb5 44. Ne3 Ra8 45. Rh2 Ra3 46. Rh6+ Kd7 47. Rh7+ Kd6 48. exd5 cxd5 49. Nf5+ Kc5 0-1